000 00632nam a2200241 a 4500
001 0001-1276
003 ELIB.Books
008 150625 2010 eng
020 _a0743238303
035 _a(ELIB.Books)0001-1431
092 _a248.4
_bHin
100 _aHinckly, Gordon B.
245 _aWay to Be!
_b9 Ways to Be happy and Make Something of Your Life
260 _aTexas
_bSimon & Schuster
_c2002
300 _a125
_c19 Cm
500 _aLibrary
650 _aChristian Life
856 _nKBTS: Library
_uKBTS: Elib
942 _2ddc
_cBK
990 _a1
998 _cbat
_e2015-06-25
999 _c11276
_d11276